00645nam a2200217Ia 4500003000400000005001700004008004100021020001800062040001800080041000800098082002100106100002200127245004600149250001200195260006700207300003200274650003300306650002200339650003700361650002900398OSt20240429145815.0210716s2006 xx 000 0 und d a9788184041606 cAIMIT LIBRARY aeng a005.72 21bKORJ aKorpela, Jukka K. aUnicode explained /cby Jukka K. Korpela. a1st ed. aMumbai :bShroff Publishers and Distributors Pvt Ltd ,c2006. axvii,658,13 p.;bPBc24 cm. aCharacter sets and encodings aUnicode encodings aCharacters in internet protocols aCharacters and languages